000 00640nam a2200193 a 4500
001 000022914
005 20200930021853.0
008 101122s1967 sp r 000 0 spa d
040 _aDO-SdBNP
_bspa
_cBNPHU
082 _axxx
_bL728p
100 1 _aLilar, Suzanne
_947106
245 1 3 _aLa pareja :
_bun nuevo conocimiento del amor /
_cSuzanne Lilar ; traducción Carlos R. De Dampierre.
260 _aBarcelona :
_bSagitario,
_c1967.
300 _a301 p. ;
_c21 cm.
504 _aIncluye referencias bibliográficas y notas al pie de las páginas.
534 _aLe couple
700 1 _aDampierre, Carlos R. de,
_etr.
_947107
049 _aBNGR
999 _c22411
_d22411